[Event "Mittelfrank Regionalliga Nord-West 2223"]
[Site "Mittelfranken"]
[Date "2023.03.05"]
[Round "7.3"]
[White "Kuespert, Helmut"]
[Black "Neubauer, Jaroslaus"]
[Result "1-0"]
[WhiteElo "1887"]
[BlackElo "1960"]
[PlyCount "143"]
[EventDate "2022.10.09"]
[EventType "team-tourn"]
[EventRounds "9"]
[EventCountry "GER"]
[SourceTitle "EXT 2024"]
[Source "ChessBase"]
[SourceDate "2023.10.10"]
[SourceVersion "1"]
[SourceVersionDate "2023.10.10"]
[SourceQuality "1"]
[WhiteTeam "Marktleuthen"]
[BlackTeam "Schweinfurt"]
[WhiteTeamCountry "GER"]
[BlackTeamCountry "GER"]

1. e4 e5 2. Bc4 Nf6 3. d4 Nc6 4. Nf3 exd4 5. 0-0 d6 6. Nxd4 Be7 7. Nc3 0-0 8. f3 a6 9. a3 Ne5 10. Ba2 Ng6 11. Be3 c6 12. Qd2 Qc7 13. Rae1 c5 14. Nde2 Be6 15. Nd5 Nxd5 16. exd5 Bd7 17. f4 f5 18. c4 Rae8 19. g3 Bf6 20. Bf2 Re7 21. Nc1 Rfe8 22. Rxe7 Rxe7 23. Re1 Qd8 24. Rxe7 Qxe7 25. Bb1 b6 26. Kg2 Nf8 27. b3 g5 28. Ne2 Ng6 29. Be3 g4 30. a4 h5 31. Bf2 h4 32. Bd3 hxg3 33. hxg3 Qh7 34. Ng1 Ne7 35. Qe2 Qg7 36. Qc2 Bd4 37. Ne2 Bxf2 38. Kxf2 Qh7 39. Kg1 Qf7 40. Qc3 Kh7 41. Kg2 b5 42. axb5 axb5 43. Qa1 Nxd5 44. Qh1+ Kg7 45. Qh4 bxc4 46. bxc4 Ne7 47. Qg5+ Ng6 48. Nc3 Bc6+ 49. Kf2 Qf6 50. Qxf5 Qd4+ 51. Kf1 Ne7 52. Qh7+ Kf8 53. Ne2 Qa1+ 54. Kf2 Bf3 55. Qh6+ Kf7 56. Qxd6 Qh1 57. Qe5 Qg2+ 58. Ke1 Bxe2 59. Bxe2 Qxg3+ 60. Kd2 Qf2 61. Qh5+ Ng6 62. f5 g3 63. Qxg6+ Ke7 64. f6+ Qxf6 65. Qxf6+ Kxf6 66. Bf3 Ke5 67. Kd3 Kf4 68. Bg2 Ke5 69. Ke3 Kf5 70. Kf3 Ke5 71. Kxg3 Kd4 72. Bd5 1-0

[Event "Mittelfranken Landesliga Nord 2122"]
[Site "Mittelfranken"]
[Date "2022.05.08"]
[Round "8.8"]
[White "Albayrak, Aylin"]
[Black "Neubauer, Jaroslaus"]
[Result "0-1"]
[WhiteElo "1659"]
[BlackElo "1948"]
[PlyCount "94"]
[EventDate "2021.10.24"]
[EventType "team-tourn"]
[EventRounds "9"]
[EventCountry "GER"]
[SourceTitle "EXT 2024"]
[Source "ChessBase"]
[SourceDate "2023.10.10"]
[SourceVersion "1"]
[SourceVersionDate "2023.10.10"]
[SourceQuality "1"]
[WhiteTeam "Nuernberg NT II"]
[BlackTeam "Schweinfurt"]
[WhiteTeamCountry "GER"]
[BlackTeamCountry "GER"]

1. d4 Nf6 2. c4 g6 3. Nc3 Bg7 4. e4 d6 5. Nf3 0-0 6. Be2 Nbd7 7. 0-0 e5 8. d5 Nc5 9. Qc2 a5 10. Bd2 Bd7 11. a4 c6 12. Ne1 Re8 13. f3 cxd5 14. cxd5 Rc8 15. Qd1 Qb6 16. Kh1 Nb3 17. Rb1 Nxd2 18. Qxd2 Rc7 19. Nd3 Rec8 20. Rfc1 Qd4 21. Nb5 Bxb5 22. Rxc7 Rxc7 23. axb5 b6 24. Rc1 Rxc1+ 25. Qxc1 h5 26. g3 Kh7 27. Kg2 Bh6 28. Qc7 Qe3 29. Qxf7+ Bg7 30. Kf1 h4 31. Qc7 hxg3 32. hxg3 Qg5 33. Kg2 Qe3 34. Kf1 Qg5 35. g4 Qh4 36. Kg2 Qg5 37. Qxd6 Nh5 38. Qxb6 Nf4+ 39. Nxf4 exf4 40. Qc7 Qf6 41. Qc1 Bf8 42. Qc3 Qb6 43. b3 Bb4 44. Qd3 Be1 45. Bf1 Qf2+ 46. Kh1 Qh4+ 47. Kg2 Bg3 0-1

[Event "Schweinfurt op 26th"]
[Site "Schweinfurt"]
[Date "2016.05.29"]
[Round "6"]
[White "Neubauer, Jaroslaus"]
[Black "Mueller, Gerhard"]
[Result "1-0"]
[WhiteElo "1986"]
[BlackElo "1835"]
[PlyCount "49"]
[EventDate "2016.05.26"]
[EventType "swiss"]
[EventRounds "7"]
[EventCountry "GER"]
[SourceTitle "CBM 172 Extra"]
[Source "ChessBase"]
[SourceDate "2016.06.21"]
[SourceVersion "1"]
[SourceVersionDate "2016.06.21"]
[SourceQuality "1"]

1. e4 e5 2. Nf3 Nc6 3. Bc4 Be7 4. d4 exd4 5. c3 d6 6. cxd4 Nf6 7. Nc3 0-0 8. Bd3 Bg4 9. Be3 h6 10. a3 a6 11. Qd2 Nh7 12. h3 Bh5 13. g4 Bg6 14. 0-0-0 b5 15. h4 Nf6 16. g5 Ng4 17. gxh6 Nxe3 18. fxe3 b4 19. axb4 Nxb4 20. Bb1 Re8 21. Qg2 Bf6 22. h5 Bh7 23. e5 dxe5 24. dxe5 Nd3+ 25. Bxd3 1-0

[Event "Bayern-ch Seniors op 27th"]
[Site "Bergen"]
[Date "2015.06.15"]
[Round "5"]
[White "Neubauer, Jaroslaus"]
[Black "Gerhards, Walter"]
[Result "0-1"]
[WhiteElo "1858"]
[BlackElo "1756"]
[PlyCount "92"]
[EventDate "2015.06.15"]
[EventType "swiss"]
[EventRounds "9"]
[EventCountry "GER"]
[SourceTitle "EXT 2019"]
[Source "ChessBase"]
[SourceDate "2018.10.10"]
[SourceVersion "1"]
[SourceVersionDate "2018.10.10"]
[SourceQuality "1"]

1. e4 e5 2. Nf3 d6 3. Nc3 Nf6 4. d4 exd4 5. Nxd4 Be7 6. Be2 Bd7 7. 0-0 0-0 8. Be3 Nc6 9. f4 Re8 10. Bf3 Bf8 11. Qd2 Bg4 12. Nxc6 bxc6 13. Rae1 Bxf3 14. gxf3 Nd7 15. Kh1 Qh4 16. Re2 Nb6 17. b3 Rad8 18. f5 d5 19. Bg5 Qh3 20. Qe1 f6 21. Bd2 d4 22. Nd1 Nd7 23. Rg2 Bd6 24. Qe2 Ne5 25. f4 Nd7 26. Rg3 Qxf5 27. Nf2 Qb5 28. Nd3 Nc5 29. Qg2 Bf8 30. Rg1 Rd7 31. a4 Qb6 32. Qh3 Nxd3 33. cxd3 Qc5 34. f5 g6 35. Qh5 Rg7 36. Qh4 g5 37. Qh5 Qe7 38. Rh3 Qf7 39. Qe2 Qxb3 40. Rhg3 Qf7 41. h4 h6 42. Qf3 Bd6 43. R3g2 Kf8 44. Rg4 Ke7 45. R4g2 Kd7 46. Rc1 Be5 0-1

[Event "Bayern-ch op Seniors 26th"]
[Site "Bergen"]
[Date "2014.06.25"]
[Round "5"]
[White "Schmidt, Gerhard3333"]
[Black "Neubauer, Jaroslaus"]
[Result "1/2-1/2"]
[WhiteElo "2152"]
[BlackElo "1889"]
[PlyCount "45"]
[EventDate "2014.06.21"]
[EventType "swiss"]
[EventRounds "7"]
[EventCountry "GER"]
[SourceTitle "EXT 2018"]
[Source "ChessBase"]
[SourceDate "2017.10.13"]
[SourceVersion "1"]
[SourceVersionDate "2017.10.13"]
[SourceQuality "1"]

1. d4 Nf6 2. c4 e6 3. Nf3 b6 4. Nc3 Bb4 5. e3 Bb7 6. Bd3 0-0 7. 0-0 Bxc3 8. bxc3 Ne4 9. Qc2 f5 10. Nd2 Qh4 11. f3 Ng5 12. Ba3 Rf6 13. Be7 Rg6 14. Bxg5 Qxg5 15. Rf2 Qxe3 16. Nf1 Qg5 17. Qd2 Nc6 18. Qxg5 Rxg5 19. Nd2 Ba6 20. Re1 Na5 21. Bf1 Re8 22. f4 Rg6 23. Rb1 1/2-1/2

[Event "Unterfranken-ch M2 62th"]
[Site "Gerolzhofen"]
[Date "2011.04.28"]
[Round "5"]
[White "Neubauer, Jaroslaus"]
[Black "Vogt, Thomas"]
[Result "1-0"]
[WhiteElo "1840"]
[BlackElo "1900"]
[PlyCount "121"]
[EventDate "2011.04.25"]
[EventType "swiss"]
[EventRounds "9"]
[EventCountry "GER"]
[SourceTitle "EXT 2015"]
[Source "ChessBase"]
[SourceDate "2014.11.20"]
[SourceVersion "1"]
[SourceVersionDate "2014.11.20"]
[SourceQuality "1"]

1. e4 e5 2. d4 exd4 3. Qxd4 Nc6 4. Qe3 Bb4+ 5. Nc3 Nf6 6. Bd2 0-0 7. 0-0-0 Re8 8. Qg3 Kh8 9. f3 d6 10. Nh3 Ne5 11. Ng5 Qe7 12. h4 Be6 13. a3 Ba5 14. Nxe6 Qxe6 15. h5 h6 16. Qh3 Qxh3 17. Rxh3 c6 18. g4 d5 19. exd5 Bxc3 20. Bxc3 Nxd5 21. Bd2 b5 22. g5 hxg5 23. Bxg5 f6 24. Bd2 Nc4 25. Bxc4 bxc4 26. Rg1 Rg8 27. Rg6 Kh7 28. Rg4 c3 29. bxc3 Rab8 30. c4 Ne7 31. Rf4 Rbf8 32. Bb4 Rf7 33. Re4 Nf5 34. Bd2 Rd7 35. h6 Nxh6 36. Bxh6 gxh6 37. Reh4 Kg6 38. Rxh6+ Kf5 39. R3h4 Rgd8 40. R6h5+ Ke6 41. Re4+ Kf7 42. Rh7+ Kg6 43. Rxd7 Rxd7 44. Re6 Kg5 45. Rxc6 f5 46. Kb2 Rf7 47. Rd6 Kf4 48. Rd3 Ke5 49. Kc3 Rb7 50. c5 a6 51. Rd4 Re7 52. f4+ Ke6 53. Kc4 Rh7 54. c6 Rh2 55. c3 Rh7 56. Kc5 Rh3 57. c4 Rh7 58. Kb6 a5 59. Kxa5 Ra7+ 60. Kb6 Rxa3 61. c7 1-0